| 000 | 00889nam a2200229Ia 4500 | ||
|---|---|---|---|
| 003 | GCL | ||
| 008 | 140319s9999 xx 000 0 ara d | ||
| 020 | _a9096410977 | ||
| 040 |
_aGCL / _cGCL |
||
| 082 | 0 | 4 |
_a341.24 _bح د |
| 100 | 1 | _aحسين عمر | |
| 245 | 1 | 0 |
_aدليل المنظمات الدولية : _bمنظمة الامم المتحدة، منظمات عالمية متخصصة، منظمات اقتصادية اقليمية / _cحسين عمر |
| 250 | _aالاولى | ||
| 260 |
_aالقاهرة : _bدار الفكر العربى ، _c1997 |
||
| 300 |
_a188 ص ؛ _c24 سم |
||
| 650 | 0 | 4 | _aالسياسة الدولية |
| 650 | 0 | 4 | _aالمنظمات الدولية |
| 650 | 0 | 4 | _aمنظمة الامم المتحدة |
| 650 | 0 | 4 | _aالمنظمات الدولية الاقليمية |
| 650 | 0 | 4 | _aالمنظمات العربية المتخصصة |
| 942 |
_2ddc _cBK |
||
| 999 |
_c4897 _d4897 |
||